| 000 | 00527nam a22001217a 4500 | ||
|---|---|---|---|
| 999 |
_c21608 _d21608 |
||
| 008 | 240913b ||||| |||| 00| 0 eng d | ||
| 100 |
_aLabo, Maria Victoria I. _eauthor. _960949 |
||
| 245 |
_aMungkahing mga ulat sa pagsasalaysay (narrative report) sa report card (form 138) ng mga mag-aaral / _cMaria Victoria I. Labo. |
||
| 260 |
_aPhilippines; _bPublishers Association of the Philippines, Inc., _cMarch 2020. |
||
| 300 | _aVolume 168, pages 386-387. | ||
| 700 |
_aLabo, Maria Victoria I. _eauthor. _960949 |
||
| 942 |
_2ddc _cPER |
||